الالفاظ العربية المستخدمة فى اللغة الماليزية المعاصرة
Saved in:
| Main Author: | |
|---|---|
| Other Authors: | |
| Format: | Thesis |
| Language: | Arabic |
| Published: |
خرطوم
: معهد خرطوم دولى غة عربية،
1980
|
| Subjects: | |
| Tags: |
Add Tag
No Tags, Be the first to tag this record!
|
| LEADER | 013030000a22003250004500 | ||
|---|---|---|---|
| 001 | 65204 | ||
| 005 | 20091201114200.0 | ||
| 008 | 930222s1980 ara | ||
| 035 | |a 235580 | ||
| 035 | |a (Sirsi) 65204 | ||
| 040 | |a UIAM |b eng | ||
| 049 | |b m | ||
| 050 | |a PL5087.3M3 | ||
| 100 | 0 | |a سلام عثمان حسن | |
| 245 | 1 | 0 | |a الالفاظ العربية المستخدمة فى اللغة الماليزية المعاصرة |
| 246 | 0 | 4 | |a al-Alfaz al-'Arabiyah al-mustakhdamah fi al-lughah al-Maliziyah al-mu'asirah / |c Salam 'Uthman Hasan |
| 260 | 1 | |a خرطوم |b : معهد خرطوم دولى غة عربية، |c 1980 | |
| 300 | |a 121 p. | ||
| 502 | |a (M.A.)--Ma'had al-Khartoum al-Dawli lil-Lughat al-'Arabiyah | ||
| 533 | |a One copy | ||
| 596 | |a 1 | ||
| 650 | 0 | |a Malay language |x Foreign words and phrases Arabic | |
| 650 | 0 | |a Arabic language |x Pronunciation | |
| 650 | 0 | |a Malay language |x Pronunciation | |
| 700 | 0 | |a Hasan, Salam 'Uthman | |
| 710 | 1 | |a Ma'had al-Khartum al-Dawli lil-Lughah al-'Arabiyah | |
| 710 | 2 | |a Munazzamah al-'Arabiyah lil-Tarbiyah wa-al-Thaqafah wa-al-'Ulum | |
| 900 | |a non-zmy-mah | ||
| 999 | |c 430224 |d 461715 | ||
| 952 | |0 0 |6 T PL 005087.3 M3S159A |7 0 |8 THESES |9 749361 |a IIUM |b IIUM |c MULTIMEDIA |g 0.00 |o t PL5087.3M3S159A |p 00000062328 |r 2017-10-19 |t 1 |v 0.00 |y THESIS | ||
